Nenne einen Staat, ... #3 - Statistiken

Allgemein
  • Dieses Quiz wurde 322 mal gespielt
  • Das Durchschnittsergebnis liegt bei 7 aus 10
Antwortstatistiken
Hint Antwort % Korrekt
...der eine Fußball-Weltmeisterschaft der Herren gewonnen hat Uruguay, Italien, Deutschland, Brasilien, Argentinien, Frankreich, Spanien
97%
...der kein eigenes Militär hat Andorra, Costa Rica, Dominica, Grenada, Island, Kiribati, Liechtenstein, Marshallinseln, Mauritius, Mikronesien, Monaco, Nauru, Palau, Panama, Salomonen, Samoa, San Marino, St. Lucia, St. Vincent und die Grenadinen, Tuvalu, Vanuatu, Vatikanstadt
92%
...der einen Bindestrich im Namen hat Guinea-Bissau, Papua-Neuguinea, Timor-Leste, Saudi-Arabien
84%
...der über 1000 Einwohnende pro Quadratkilometer hat Monaco, Singapur, Malediven, Bahrain, Vatikanstadt, Malta, Bangladesch
84%
...der auf dem Nullmeridian liegt Vereinigtes Königreich, Frankreich, Spanien, Algerien, Mali, Burkina Faso, Ghana
74%
...der nicht in Europa oder Südamerika liegt und dessen Amtssprache Portugiesisch ist Angola, Äquatorialguinea, Guinea-Bissau, Kap Verde, Mosambik, São Tomé und Príncipe, Timor-Leste
73%
...dessen Name 9 oder mehr Silben hat Bosnien und Herzegowina, Dominikanische Republik, Demokratische Republik Kongo, St. Vincent und die Grenadinen, Vereinigte Arabische Emirate, Zentralafrikanische Republik
73%
...der ein nicht-geographisches Adjektiv im Namen hat Demokratische Republik Kongo, Vereinigte Staaten von Amerika, Vereinigtes Königreich, Vereinigte Arabische Emirate
69%
...in dem die Gebärdensprache als Amtssprache anerkannt ist Neuseeland, Papua-Neuguinea, Südafrika
58%
...der mindestens einen Menschen auf seiner Flagge zeigt Belize, Malta
26%
Keine übereinstimmenden Quizze gefunden
Verteilung der Resultate
Anzahl Personen mit jedem Resultat
Perzentil nach korrekt beantworteten Fragen
Ihre Resultats-Entwicklung
Sie haben dieses Quiz noch nicht gespielt